000 00284nam a2200133Ia 4500
008 211105s9999||||xx |||||||||||||| ||und||
082 _a570 S689B 2001
084 _b13-00151
100 _aSolomon, Eldra Pearl
245 0 _aBiologĂ­a
260 _c2001
300 _a0
999 _c16837
_d16837